000 00379nam a2200133Ia 4500
008 100328s9999 xx 000 0 und d
082 _b32161
100 _aअत्रे प्र. के.
245 _aसुभाष कथा
260 _bग.पां.परचुरे
630 _aसुभाष कथा
730 _aसुभाष कथा
942 _cBOOK
999 _c522963
_d522960